| 000 | 00679cam a22002413a 4500 | ||
|---|---|---|---|
| 001 | 20888 | ||
| 003 | PGUSA | ||
| 005 | 20140828083438.0 | ||
| 008 | 070323s2007||||xxu|||||s|||||000 1 eng d | ||
| 040 |
_aPGUSA _beng |
||
| 042 | _adc | ||
| 050 | 4 | _aPS | |
| 100 | 1 |
_aFergusson, Harvey, _d1890-1971 |
|
| 245 | 1 | 4 |
_aThe Blood of the Conquerors _h[electronic resource] / _cHarvey Fergusson |
| 260 |
_bProject Gutenberg, _c2007 |
||
| 506 | _aPublic domain in the USA. | ||
| 516 | _aElectronic text | ||
| 653 | _aMexican Americans -- Fiction | ||
| 653 | _aWestern stories | ||
| 830 | 0 |
_aProject Gutenberg _v20888 |
|
| 856 | 4 | 0 | _uhttp://www.gutenberg.org/ebooks/20888 |
| 942 | _cEB | ||
| 999 |
_c250143 _d250143 |
||